[Event "Druzynowe Mistrzostwa Polski II Liga"]
[Site "Szklarska Poreba"]
[Date "1899-12-30"]
[Round "3.3"]
[White "Walkusz, Witoslaw"]
[Black "Aliavdin, Nikolai"]
[Result "1-0"]
[WhiteTitle "FM"]
[BlackTitle "IM"]
[WhiteElo "2138"]
[BlackElo "2342"]

1. e4 c5 2. Nf3 g6 3. d4 cxd4 4. Qxd4 Nf6 5. e5 Nc6 6. Qa4 Nd5 7. Qe4 Nb6 8. Bb5
Bg7 9. O-O O-O 10. Rd1 d5 11. exd6 Bf5 12. Qe1 exd6 13. Bg5 Qc7 14. c3 Rfe8 15.
Qd2 Be4 16. Ne1 Re5 17. Na3 a6 18. Bf1 Rae8 19. f3 Bf5 20. Bf4 Rd5 21. Qf2 Ne5
22. Be3 Ned7 23. Bd4 Bh6 24. Nec2 Be6 25. Re1 Rc8 26. Ne3 Ra5 27. Ng4 Bxg4 28.
fxg4 Qd8 29. Rad1 d5 30. Bd3 Bg7 31. Rf1 Bxd4 32. cxd4 Qf8 33. g5 Re8 34. h4 Qg7
35. Bb1 Nf8 36. Qd2 Ra4 37. Bc2 Rxa3 38. bxa3 Nc4 39. Qf4 Ne6 40. Rfe1 Rc8 41.
Qg4 Rc6 42. Bb3 Qf8 43. Bxc4 Rxc4 44. Rxe6 fxe6 45. Qxe6+ Qf7 46. Qd6 Rc6 47.
Qd8+ Qf8 48. Qxd5+ Qf7 49. Qe5 Re6 50. Qg3 Qe7 51. Rc1 Qd8 52. d5 Re4 53. d6 Re6
54. Qb3 Qxd6 55. Rc8+ Kg7 56. Qxb7+ Re7 57. Qb2+ Qe5 58. Qxe5+ Rxe5 59. Rc7+ Kg8
60. Kf2 Ra5 61. Rc3 Ra4 62. g3 h6 63. Rc8+ Kh7 64. Rc7+ Kh8 65. gxh6 Rxa3 66.
Rg7 Rxa2+ 67. Kf3 a5 68. Kf4 a4 69. Rxg6 Rb2 70. Ra6 Rb4+ 71. Kg5 Rb5+ 72. Kg6
Rb8 73. g4 1-0

[Event "Druzynowe Mistrzostwa Polski II Liga"]
[Site "Szklarska Poreba"]
[Date "1899-12-30"]
[Round "3.4"]
[White "Flak, Pawel"]
[Black "Rawski, Slawomir"]
[Result "1/2-1/2"]
[WhiteTitle "k"]
[BlackTitle "FM"]
[WhiteElo "2210"]
[BlackElo "2164"]

1. d4 f5 2. g4 fxg4 3. h3 d5 4. c4 Nc6 5. Bg2 Nf6 6. Nc3 dxc4 7. Qa4 Bd7 8. Qxc4
e5 9. d5 Nd4 10. Qd3 Bf5 11. e4 gxh3 12. Bxh3 Bg6 13. Be3 Nxd5 14. Bxd4 Nxc3 15.
bxc3 exd4 16. Rd1 c6 17. cxd4 Qa5+ 18. Kf1 Qxa2 19. d5 Bc5 20. Rd2 Qa6 21. Qxa6
bxa6 22. dxc6 O-O 23. Be6+ Kh8 24. Bd5 Rad8 25. Re2 Bf7 26. Bxf7 Rxf7 27. Rh5
Bb6 28. Kg2 Rc8 29. Nf3 Re7 30. Ne5 Kg8 31. f4 Bc7 32. Nd3 Rd8 33. Rh3 Rd6 34.
e5 Rxc6 35. Nb4 Rg6+ 36. Rg3 Rxg3+ 37. Kxg3 Re6 38. Nd5 Bb6 39. f5 Re8 40. Kf4
Bd8 41. Rb2 a5 42. Rb7 Rf8 43. Rxa7 h5 44. f6 gxf6 45. e6 f5 46. e7 Bxe7 47. Nxe7+
Kf7 48. Kxf5 Kg7+ 49. Kg5 Rf1 50. Nc6+ Kf8 51. Rxa5 Rh1 52. Kf6 Rf1+ 53. Ke6 Re1+
54. Ne5 h4 55. Ra8+ Kg7 56. Ra7+ Kh6 57. Ra8 Kg7 58. Ra4 h3 59. Rh4 Re3 60. Kf5
Ra3 61. Rg4+ Kf8 62. Rb4 Kg7 63. Rb7+ Kf8 64. Ng4 Ra5+ 65. Kg6 Ra1 66. Rh7 Rg1
67. Kf5 Rg3 68. Ne5 Ra3 69. Nd7+ Ke8 70. Nf6+ Kf8 71. Ke4 1/2-1/2

[Event "Druzynowe Mistrzostwa Polski II Liga"]
[Site "Szklarska Poreba"]
[Date "1899-12-30"]
[Round "3.5"]
[White "Cichon, Michal"]
[Black "Jedryczka, Krystian"]
[Result "1-0"]
[WhiteTitle "I"]
[BlackTitle "m"]
[WhiteElo "2029"]
[BlackElo "2208"]

1. e4 c5 2. Nf3 e6 3. d4 cxd4 4. Nxd4 a6 5. a4 Nf6 6. Bd3 Qb6 7. Nb3 Nc6 8. Be3
Qc7 9. f4 h5 10. h3 g5 11. Qd2 gxf4 12. Bxf4 d6 13. Nc3 h4 14. Bg5 Bg7 15. Qf2
Nh5 16. Bxh4 Be5 17. O-O Rg8 18. Ne2 Bxb2 19. Rab1 Be5 20. Qf3 Rh8 21. c3 Nf4
22. Nxf4 Rxh4 23. Ng6 Rh6 24. Nxe5 Nxe5 25. Qe3 Rg6 26. Be2 Qe7 27. Rbd1 Bd7 28.
Qd4 Rc8 29. Na5 Bc6 30. Rf2 Qc7 31. Qb4 Ke7 32. Nc4 Nxc4 33. Qxc4 Qb6 34. Rdf1
Rg7 35. Kh1 Rh8 36. Qd3 Qc5 37. Rf4 Qe5 38. Qf3 Rhh7 39. Bd1 d5 40. Bc2 dxe4 41.
Bxe4 Bxe4 42. Rxe4 Qg3 43. Qf6+ Ke8 44. Rxe6+ fxe6 45. Qxe6+ Re7 46. Qc8# Reg7
47. Qe6+ Kd8 48. Rf8+ Kc7 49. Rc8# 1-0

[Event "Druzynowe Mistrzostwa Polski II Liga"]
[Site "Szklarska Poreba"]
[Date "1899-12-30"]
[Round "3.6"]
[White "Leszner, Liliana"]
[Black "Mikulewicz, Joanna"]
[Result "1-0"]
[WhiteTitle "WIM"]
[BlackTitle "WFM"]
[WhiteElo "2055"]
[BlackElo "2057"]

1. e4 c5 2. Nc3 Nc6 3. g3 g6 4. Bg2 Bg7 5. d3 d6 6. Be3 Nf6 7. h3 O-O 8. Nf3 Rb8
9. O-O b5 10. Qd2 b4 11. Ne2 Qc7 12. Bh6 Ba6 13. Nh4 Nd4 14. Bxg7 Kxg7 15. Nc1
e5 16. c3 bxc3 17. bxc3 Ne6 18. c4 Bc8 19. f4 Nh5 20. f5 Nd4 21. Ne2 Qd8 22. Nxd4
cxd4 23. Kh2 h6 24. Bf3 Qg5 25. Qxg5 hxg5 26. Ng2 Nf6 27. g4 Ba6 28. Bd1 Nd7 29.
Kg3 f6 30. h4 gxh4+ 31. Nxh4 g5 32. Ng6 Rf7 33. Rh1 Nf8 34. Nh8 Rc7 35. Bb3 Nh7
36. Ng6 Nf8 37. Rh8 Nd7 38. Rh2 Nf8 39. Rah1 Rc5 40. Rh8 Kf7 41. Nxf8 Rxf8 42.
R1h7+ Ke8 43. Ba4+ 1-0

[Event "Druzynowe Mistrzostwa Polski II Liga"]
[Site "Szklarska Poreba"]
[Date "1899-12-30"]
[Round "3.7"]
[White "Lewtak, Damian"]
[Black "Mroziak, Maciej"]
[Result "1/2-1/2"]
[WhiteTitle "m"]
[BlackTitle "IM"]
[WhiteElo "2331"]
[BlackElo "2406"]

1. c4 Nc6 2. d4 d5 3. Nc3 dxc4 4. Nf3 Nf6 5. Bg5 h6 6. Bxf6 exf6 7. e3 Bb4 8. Bxc4
O-O 9. O-O Na5 10. Bd3 c5 11. a3 Bxc3 12. bxc3 Be6 13. Nd2 Rc8 14. Qe2 Re8 15.
Rfb1 Re7 16. h3 cxd4 17. cxd4 Rec7 18. Qd1 Rc3 19. Bf1 f5 20. g3 Bd5 21. Rc1 Qe7
22. Rxc3 Rxc3 23. Qb1 Rxe3 24. Qxf5 Qe6 25. Qxe6 Rxe6 26. Rc1 Nc6 27. Bg2 Bxg2
28. Kxg2 Rd6 29. Nb3 g6 30. Rc4 b5 31. Rc5 a6 32. Rc3 Nxd4 33. Rc8+ Kg7 34. Nc5
Ne6 35. Nb7 Rd3 36. Ra8 Rxa3 37. Nd6 g5 38. Nxb5 Rb3 39. Nd6 Rb6 40. Nc8 Rc6 41.
Ne7 Nc7 42. Ra7 1/2-1/2

[Event "Druzynowe Mistrzostwa Polski II Liga"]
[Site "Szklarska Poreba"]
[Date "1899-12-30"]
[Round "3.8"]
[White "Wandzik, Wojciech"]
[Black "Reza, Wojciech"]
[Result "1-0"]
[WhiteTitle "m"]
[BlackTitle "k++"]
[WhiteElo "2396"]
[BlackElo "2277"]

1. e4 e5 2. Nf3 Nc6 3. Bb5 a6 4. Bxc6 dxc6 5. O-O Qd6 6. Na3 b5 7. Qe2 c5 8. c3
Ne7 9. Rd1 Nc6 10. Nc2 c4 11. Ne3 Qg6 12. a4 Rb8 13. axb5 axb5 14. d3 cxd3 15.
Qxd3 Bd6 16. Nf5 Bxf5 17. exf5 Qh5 18. Qe4 Ne7 19. g4 Qh3 20. Ng5 Qh4 21. Nf3
Qh3 22. Ng5 Qh4 23. Rd3 Bc5 24. Qe2 f6 25. Ne6 Bb6 26. Kg2 Nxf5 27. gxf5 Qc4 28.
b3 Qc6+ 29. f3 g6 30. Qe4 Qxe4 31. fxe4 Rg8 32. Kf3 gxf5 33. exf5 Rg1 34. Bb2
Rxa1 35. Bxa1 Ra8 36. Bb2 Ra2 37. Rd2 Ke7 38. Ke4 c6 39. h4 Ra8 40. Rg2 Kd6 41.
h5 c5 42. c4 bxc4 43. bxc4 Ra4 44. Rc2 Ra8 45. h6 Kc6 46. Bc1 Ra1 47. Be3 Rh1
48. Nf8 Rh4+ 49. Kf3 Bc7 50. Rg2 e4+ 51. Ke2 Rh5 52. Nxh7 Rxf5 53. Nxf6 Bd8 54.
h7 Bxf6 55. Rg6 Kd7 56. Rxf6 1-0

[Event "Druzynowe Mistrzostwa Polski II Liga"]
[Site "Szklarska Poreba"]
[Date "1899-12-30"]
[Round "3.9"]
[White "Wypych, Dominik"]
[Black "Gola, Karol"]
[Result "1/2-1/2"]
[WhiteTitle "k"]
[BlackTitle "k"]
[WhiteElo "2120"]
[BlackElo "2207"]

1. d4 d5 2. c4 e6 3. Nf3 Nf6 4. g3 Be7 5. Bg2 O-O 6. O-O Nbd7 7. Nbd2 c6 8. Qc2
b6 9. e4 Bb7 10. e5 Ne8 11. cxd5 cxd5 12. Re1 Rc8 13. Qd3 Nb8 14. Nf1 Ba6 15.
Qd1 Nc6 16. a3 Na5 17. Ne3 b5 18. Bf1 Qb6 19. b4 Nc4 20. h4 Bb7 21. Bd3 f5 22.
exf6 Nxf6 23. Nc2 Ne4 24. Bxe4 dxe4 25. Ng5 Bxg5 26. Bxg5 Nb2 27. Qe2 Nd3 28.
Rf1 Qc7 29. Ne1 Qc6 30. Be3 Qc3 31. Ng2 a5 32. bxa5 Qxa5 33. Nf4 Nxf4 34. Bxf4
Qb6 35. Rab1 Qxd4 36. Qxb5 Bd5 37. Be3 Qe5 38. Rfc1 Rxc1+ 39. Rxc1 Rb8 40. Qd7
Qf6 41. Bg5 Qf7 42. Rc8+ Rxc8 43. Qxc8+ Qf8 44. Qxf8+ Kxf8 45. Kf1 Bc4+ 46. Ke1
Ke8 47. Kd2 Kd7 48. Kc3 Be2 49. Kd4 Bf3 50. Ke5 h5 51. Be3 Bd1 52. Kxe4 Bc2+ 53.
Ke5 Bf5 54. Bc5 Kc6 55. Bf8 g6 56. Be7 Kb5 57. Kf4 Ka4 58. Bd6 Kb5 59. Kg5 Ka4
60. f3 Kb5 61. g4 hxg4 62. fxg4 Bc2 63. Kf6 Bd1 64. g5 Bh5 65. Kxe6 Ka4 66. Kd5
Kb5 67. Kd4 Ka4 68. Kc3 Be2 1/2-1/2

[Event "Druzynowe Mistrzostwa Polski II Liga"]
[Site "Szklarska Poreba"]
[Date "1899-12-30"]
[Round "3.10"]
[White "Lizak, Jakub"]
[Black "Rymaszewski, Dariusz"]
[Result "1-0"]
[WhiteTitle "k"]
[BlackTitle "k"]
[WhiteElo "2222"]
[BlackElo "2150"]

1. e4 c5 2. Nf3 Nc6 3. Bb5 g6 4. Bxc6 dxc6 5. d3 Bg7 6. h3 Nf6 7. Nc3 Nd7 8. Be3
Qa5 9. Qd2 Nf8 10. Bh6 Bxh6 11. Qxh6 Ne6 12. h4 f6 13. h5 g5 14. O-O-O Qc7 15.
g3 Kf7 16. d4 Ng7 17. d5 Bg4 18. Rd3 Rad8 19. Nxg5+ Kg8 20. Nf3 c4 21. Rh4 Bc8
22. Rd4 b5 23. e5 fxe5 24. Rhg4 Bxg4 25. Rxg4 e6 26. Ng5 Re8 27. Nxe6 Rxe6 28.
Qxe6+ Kf8 29. Qf6+ Qf7 30. Qxe5 1-0

[Event "Druzynowe Mistrzostwa Polski II Liga"]
[Site "Szklarska Poreba"]
[Date "1899-12-30"]
[Round "3.11"]
[White "Renkowski, Piotr"]
[Black "Kalmuk, Krzysztof"]
[Result "1-0"]
[WhiteTitle "k"]
[BlackTitle "I++"]
[WhiteElo "2102"]
[BlackElo "2030"]

1. e4 c5 2. Nf3 e6 3. c3 Nf6 4. e5 Nd5 5. d4 cxd4 6. cxd4 d6 7. Nc3 Nc6 8. Nxd5
exd5 9. Bd3 Be7 10. h3 Be6 11. O-O h6 12. Re1 dxe5 13. dxe5 Qd7 14. Be3 a6 15.
Rc1 Rc8 16. Bb1 g6 17. Nd4 Nxd4 18. Rxc8+ Qxc8 19. Qxd4 Qb8 20. f4 h5 21. Bf2
Qc8 22. Be3 O-O 23. Rf1 Rd8 24. f5 gxf5 25. Qf4 h4 26. Qh6 Qc4 27. Rxf5 Bxf5 28.
Bxf5 Qc6 29. Qh7+ 1-0

[Event "Druzynowe Mistrzostwa Polski II Liga"]
[Site "Szklarska Poreba"]
[Date "1899-12-30"]
[Round "3.12"]
[White "Mazur, Anna"]
[Black "Czaplewska, Klara"]
[Result "1-0"]
[WhiteTitle "I+"]
[BlackTitle "k+"]
[WhiteElo "1693"]
[BlackElo "1880"]

1. e4 e5 2. Nf3 Nc6 3. Bb5 a6 4. Ba4 Nf6 5. d3 d6 6. O-O Be7 7. c3 Bg4 8. Nbd2
Qd7 9. Re1 O-O 10. Nf1 b5 11. Bc2 d5 12. exd5 Nxd5 13. h3 Bxf3 14. Qxf3 b4 15.
Ne3 Nf4 16. Ba4 Nd4 17. Bxd7 Nxf3+ 18. gxf3 Rad8 19. Ba4 Nxh3+ 20. Kf1 bxc3 21.
bxc3 Rxd3 22. Nf5 Bf6 23. Kg2 Nf4+ 24. Bxf4 exf4 25. Rad1 Rxc3 26. Ne7+ Bxe7 27.
Rxe7 a5 28. Bb3 c5 29. Rc7 h6 30. Rd5 Rc1 31. Rdxc5 Ra1 32. Rc8 1-0

[Event "Druzynowe Mistrzostwa Polski II Liga"]
[Site "Szklarska Poreba"]
[Date "1899-12-30"]
[Round "3.13"]
[White "Zylka, Stanislaw"]
[Black "Marczuk, Dominik"]
[Result "1-0"]
[WhiteTitle "FM"]
[BlackTitle "k"]
[WhiteElo "2344"]
[BlackElo "2258"]

1. d4 Nf6 2. Nf3 g6 3. g3 Bg7 4. Bg2 O-O 5. O-O d6 6. Nc3 c6 7. a4 Qc7 8. e4 e5
9. h3 Nbd7 10. Re1 Re8 11. b3 b6 12. Ba3 Bf8 13. Qd2 Bb7 14. Rad1 Rad8 15. Qg5
h6 16. Qd2 Kh7 17. Re3 Nb8 18. Rd3 Ba6 19. dxe5 Bxd3 20. exf6 Ba6 21. Qf4 Nd7
22. Qh4 Ne5 23. Nd4 c5 24. Ndb5 Qb8 25. Nd5 Rd7 26. Bc1 Qd8 27. g4 Re6 28. Bxh6
Bxh6 29. g5 Qf8 30. Nbc7 Be2 31. Re1 Bh5 32. Nxe6 fxe6 33. Nf4 Bxg5 34. Qxg5 Qh6
35. Nxe6 Rf7 36. f4 Nd7 37. e5 a6 38. Bc6 1-0

[Event "Druzynowe Mistrzostwa Polski II Liga"]
[Site "Szklarska Poreba"]
[Date "1899-12-30"]
[Round "3.14"]
[White "Chmiel, Marcin"]
[Black "Tomaszewski, Kacper"]
[Result "0-1"]
[WhiteTitle "k"]
[BlackTitle "k"]
[WhiteElo "2250"]
[BlackElo "2221"]

1. d4 d5 2. Bf4 c5 3. e3 Nc6 4. Nc3 cxd4 5. exd4 a6 6. Qd2 Nf6 7. O-O-O e6 8. f3
b5 9. Kb1 Bb4 10. Qe3 O-O 11. g4 Nd7 12. Nge2 Nb6 13. b3 Ba3 14. Ng3 Re8 15. Nh5
Bf8 16. Bd3 Kh8 17. g5 Nc4 18. Qe1 Qa5 19. Nxd5 exd5 20. Qxe8 Bb7 21. Qxf7 Nb4
22. bxc4 Nxa2 23. c5 Nc3+ 24. Kc1 Na2+ 25. Kb1 Nc3+ 26. Kb2 Qb4+ 0-1

[Event "Druzynowe Mistrzostwa Polski II Liga"]
[Site "Szklarska Poreba"]
[Date "1899-12-30"]
[Round "3.15"]
[White "Walach, Marcin"]
[Black "Gbyl, Andrzej"]
[Result "1-0"]
[WhiteTitle "FM"]
[BlackTitle "k+"]
[WhiteElo "2320"]
[BlackElo "2236"]

1. e4 e6 2. d4 d5 3. Nd2 Nf6 4. e5 Nfd7 5. Bd3 c5 6. c3 Nc6 7. Ne2 cxd4 8. cxd4
f6 9. Nf4 Nxd4 10. Qh5+ Ke7 11. exf6+ Nxf6 12. Ng6+ hxg6 13. Qxh8 Kf7 14. O-O
e5 15. Nb3 Nxb3 16. axb3 Bf5 17. Bxf5 gxf5 18. Bg5 Bc5 19. Qh3 Qd7 20. Bxf6 Kxf6
21. Rad1 d4 22. Rfe1 Qe6 23. g4 f4 24. Re4 Qd5 25. Qh4+ Ke6 26. Rde1 Bd6 27. Qg5
Rf8 28. Qxg7 Rf7 29. Qg8 Qc5 30. Rxf4 1-0

[Event "Druzynowe Mistrzostwa Polski II Liga"]
[Site "Szklarska Poreba"]
[Date "1899-12-30"]
[Round "3.16"]
[White "Golda, Sebastian"]
[Black "Wolynski, Krzysztof"]
[Result "1/2-1/2"]
[WhiteTitle "k"]
[BlackTitle "I++"]
[WhiteElo "2115"]
[BlackElo "2118"]

1. e4 c6 2. d4 d5 3. Nc3 dxe4 4. Nxe4 Nf6 5. Nxf6+ exf6 6. c3 Bd6 7. Bd3 O-O 8.
Qc2 Re8+ 9. Ne2 g6 10. h4 Be6 11. h5 f5 12. hxg6 fxg6 13. Bh6 Qf6 14. O-O-O Nd7
15. Nf4 Bf7 16. Kb1 Bf8 17. Bxf8 Nxf8 18. Rhe1 Re7 19. Bf1 Rae8 20. Qd2 Kg7 21.
g3 g5 22. Nd3 Nd7 23. f4 Rxe1 24. Rxe1 Rxe1+ 25. Qxe1 Qe6 26. Qxe6 Bxe6 27. fxg5
Bc4 28. Kc2 Nb6 29. b3 Nd5 30. Kd2 Bxd3 31. Bxd3 Kg6 32. g4 Ne7 33. gxf5+ Nxf5
34. Ke2 Kxg5 35. Kf3 h6 36. Ke4 Kf6 37. Kf4 Ne7 38. c4 Ng6+ 39. Bxg6 Kxg6 40.
Ke5 h5 41. d5 cxd5 42. cxd5 h4 43. Ke6 h3 44. d6 h2 45. d7 h1=Q 46. d8=Q Qe4+
47. Kd7 Qc6+ 48. Ke7 Qf6+ 49. Kd7 1/2-1/2

[Event "Druzynowe Mistrzostwa Polski II Liga"]
[Site "Szklarska Poreba"]
[Date "1899-12-30"]
[Round "3.17"]
[White "Cieslak, Patrycjusz"]
[Black "Marczuk, Anna"]
[Result "1/2-1/2"]
[WhiteTitle "I"]
[BlackTitle "k"]
[WhiteElo "1988"]
[BlackElo "1929"]

1. d4 f5 2. Nf3 Nf6 3. c4 d6 4. Nc3 g6 5. g3 Bg7 6. Bg2 O-O 7. O-O e6 8. Rb1 Nc6
9. Qc2 e5 10. dxe5 dxe5 11. e4 fxe4 12. Ng5 Nd4 13. Qa4 Bg4 14. Ngxe4 Nxe4 15.
Nxe4 Be2 16. Bg5 Qc8 17. Rfe1 Nf3+ 18. Bxf3 Bxf3 19. Nd2 Bc6 20. Qb3 h6 21. Be7
Rf7 22. Bb4 a5 23. Bc3 Qh3 24. Ne4 Raf8 25. Qc2 Rf5 26. Re3 b6 27. Rf1 Rf3 28.
Qe2 Rxe3 29. Qxe3 Qe6 30. b3 Qf5 31. f3 Rd8 32. Kg2 Qd7 33. Nf2 Qf5 34. Ne4 Qd7
1/2-1/2

[Event "Druzynowe Mistrzostwa Polski II Liga"]
[Site "Szklarska Poreba"]
[Date "1899-12-30"]
[Round "3.18"]
[White "Jedrocha, Katarzyna"]
[Black "Cieslak, Wiktoria"]
[Result "1-0"]
[WhiteTitle "k"]
[BlackTitle "k++"]
[WhiteElo "1902"]
[BlackElo "1824"]

1. e4 c5 2. Nf3 Nc6 3. c4 e6 4. Nc3 a6 5. d4 cxd4 6. Nxd4 Qc7 7. Be3 Nf6 8. Be2
Bb4 9. f3 O-O 10. Rc1 d5 11. cxd5 exd5 12. O-O Bxc3 13. Rxc3 dxe4 14. Nxc6 bxc6
15. Qc2 Bb7 16. fxe4 Rfe8 17. Bd3 Ng4 18. Bf4 Ne5 19. Qb3 Qd7 20. Bxe5 Rxe5 21.
Bc4 Rf8 22. Rd3 Qe7 23. Rdf3 Qc5+ 24. Kh1 Bc8 25. Rxf7 Rxf7 26. Qb8 Qf8 27. Qxe5
1-0

[Event "Druzynowe Mistrzostwa Polski II Liga"]
[Site "Szklarska Poreba"]
[Date "1899-12-30"]
[Round "3.20"]
[White "Zakoscielna, Kinga"]
[Black "Wiewiora, Eneasz"]
[Result "0-1"]
[WhiteTitle "WFM"]
[BlackTitle "FM"]
[WhiteElo "2070"]
[BlackElo "2325"]

1. d4 d6 2. c4 g6 3. Nc3 Bg7 4. e4 e5 5. Be3 exd4 6. Bxd4 Nf6 7. f3 O-O 8. Nge2
c6 9. Qd2 a6 10. Rd1 b5 11. Bc5 Ne8 12. Bxd6 Nxd6 13. Qxd6 Qa5 14. cxb5 axb5 15.
a3 Be6 16. Kf2 Qb6+ 17. Kg3 Nd7 18. Qd2 Rfd8 19. Nc1 Be5+ 20. f4 Nf6 21. Nd3 Bxc3
0-1

[Event "Druzynowe Mistrzostwa Polski II Liga"]
[Site "Szklarska Poreba"]
[Date "1899-12-30"]
[Round "3.21"]
[White "Mulet, Piotr"]
[Black "Walaszczyk, Witold"]
[Result "0-1"]
[WhiteTitle "FM"]
[BlackTitle "k"]
[WhiteElo "2323"]
[BlackElo "2136"]

1. e4 c5 2. c3 g6 3. Bc4 Bg7 4. Nf3 d6 5. O-O Nf6 6. e5 dxe5 7. Nxe5 O-O 8. Qb3
e6 9. Re1 Qd6 10. Bf1 b6 11. Na3 Bb7 12. d4 Nc6 13. Nb5 Qb8 14. g3 a6 15. Nxc6
Bxc6 16. Bf4 Qd8 17. Nc7 Rc8 18. Nxa6 cxd4 19. cxd4 Nd5 20. Bd2 Bxd4 21. Bg2 Qf6
22. Qf3 Bxb2 23. Rab1 Qxf3 24. Bxf3 Bd4 25. Bg2 Rfd8 26. Rbd1 e5 27. Bg5 f6 28.
Bxd5+ Bxd5 29. Bxf6 Rf8 30. Rxd4 exd4 31. Bxd4 Bxa2 32. h4 Rc4 33. Be5 Re8 34.
Kg2 b5 35. f4 b4 36. Rd1 b3 37. Bf6 Kf7 38. Ba1 b2 39. Bxb2 Re2+ 40. Kf3 Rxb2
41. Rd7+ Kf6 42. Nc7 Rc3+ 43. Kg4 h5+ 44. Kh3 Be6+ 45. Nxe6 Kxe6 46. Rd1 Rcc2
47. f5+ gxf5 48. Rh1 Kd5 0-1

[Event "Druzynowe Mistrzostwa Polski II Liga"]
[Site "Szklarska Poreba"]
[Date "1899-12-30"]
[Round "3.22"]
[White "Swiatnicki, Andrzej"]
[Black "Jaroch, Karol"]
[Result "0-1"]
[WhiteTitle "k"]
[BlackTitle "m"]
[WhiteElo "2028"]
[BlackElo "2200"]

1. e4 e6 2. d4 d5 3. exd5 exd5 4. Bf4 Nf6 5. Nc3 Be7 6. Bd3 O-O 7. Nf3 Bg4 8. h3
Bh5 9. g4 Bg6 10. Ne5 Nc6 11. Nxc6 bxc6 12. Qf3 Bb4 13. O-O Rb8 14. a3 Bd6 15.
b4 Ne4 16. Bxd6 Nxd6 17. Qg3 f5 18. f4 Qf6 19. Ne2 fxg4 20. f5 Nxf5 21. Bxf5 Bxf5
22. hxg4 Qe7 23. gxf5 Qxe2 24. Rae1 Qh5 25. Re7 Rf7 26. Rxc7 Rxc7 27. Qxc7 Qg4+
28. Kh1 Qh4+ 29. Kg2 Re8 30. Rf2 Qe4+ 31. Kg3 Qxd4 32. Qxc6 Re3+ 33. Rf3 Qe5+
34. Kf2 Re2+ 35. Kf1 Re1+ 36. Kg2 Qe2+ 37. Kg3 Rg1+ 38. Kh4 Qh2+ 0-1

[Event "Druzynowe Mistrzostwa Polski II Liga"]
[Site "Szklarska Poreba"]
[Date "1899-12-30"]
[Round "3.23"]
[White "Samborski, Henryk"]
[Black "Smagalski, Jaroslaw"]
[Result "1/2-1/2"]
[WhiteTitle "k"]
[BlackTitle "I"]
[WhiteElo "2093"]
[BlackElo "1868"]

1. Nf3 Nf6 2. c4 e6 3. g3 Be7 4. Bg2 O-O 5. d4 d5 6. O-O c6 7. Qc2 b6 8. Rd1 Nbd7
9. Ne5 Bb7 10. cxd5 cxd5 11. Nc6 Bxc6 12. Qxc6 Rc8 13. Qb5 Qc7 14. Nc3 Qc4 15.
Qxc4 Rxc4 16. e3 a6 17. Bf1 Rc7 18. Bxa6 Ra7 19. Bd3 Rc8 20. Bd2 g6 21. a3 Kg7
22. Rac1 h6 23. Nb5 Raa8 24. Rxc8 Rxc8 25. Rc1 Rxc1+ 26. Bxc1 Ne4 27. f3 Ng5 28.
Kf2 f5 29. h4 Nf7 30. Nc7 Nf8 31. Bd2 Bd8 32. Ne8+ Kg8 33. Bc3 Nd7 34. Bb5 Nf8
35. Bb4 h5 36. Nd6 Nxd6 37. Bxd6 Nh7 38. Be8 Kg7 39. Be5+ Nf6 40. Bc6 Kf7 41.
Ke2 Nh7 42. e4 dxe4 43. fxe4 fxe4 44. Bxe4 Nf6 45. Bf3 Nd7 46. Bf4 Bf6 47. Bc6
e5 48. Bc1 Ke7 49. Bxd7 Kxd7 50. dxe5 Bxe5 51. Kf3 Ke6 52. b3 Bd6 53. Be3 Bc7
54. Bf4 Bd8 55. Ke4 b5 56. a4 bxa4 57. bxa4 Bb6 58. Bd2 Bc7 59. Be1 Kd6 60. g4
Kc5 61. gxh5 gxh5 62. a5 Kb5 63. Kf5 Bd8 64. Kg6 Bxh4 1/2-1/2

[Event "Druzynowe Mistrzostwa Polski II Liga"]
[Site "Szklarska Poreba"]
[Date "1899-12-30"]
[Round "3.24"]
[White "Bukowska, Katarzyna"]
[Black "Richterova, Natasa"]
[Result "0-1"]
[WhiteTitle "k++"]
[BlackTitle "WIM"]
[WhiteElo "1912"]
[BlackElo "2188"]

1. e4 e5 2. Nf3 d6 3. d4 Nd7 4. Bc4 c6 5. O-O Be7 6. dxe5 dxe5 7. Ng5 Bxg5 8. Qh5
Qe7 9. Qxg5 Qxg5 10. Bxg5 Ngf6 11. Nc3 h6 12. Be3 Ng4 13. Rfe1 O-O 14. Rad1 Nxe3
15. Rxe3 Nc5 16. b4 Be6 17. Be2 Nd7 18. Na4 b5 19. Nb2 a5 20. c4 axb4 21. cxb5
cxb5 22. Bxb5 Nc5 23. Rc1 Rxa2 24. Rxc5 Rxb2 25. Kf1 Ra8 26. Rc1 Raa2 27. Re2
Rxe2 28. Bxe2 b3 29. Bd3 Rd2 30. Bb1 b2 31. Re1 Bc4+ 32. Kg1 Bd3 33. g3 Bxb1 34.
Rxb1 Rc2 35. Kg2 Kf8 36. Kf3 Ke7 37. Ke3 Kd6 38. h4 Kc5 39. Kd3 Rxf2 40. Kc3 Rg2
41. Rd1 Rxg3+ 42. Kxb2 Kc4 43. Rd7 f6 44. Kc2 Rg2+ 45. Kd1 h5 46. Ke1 Rg4 47.
Kf2 Rxe4 48. Rxg7 Rxh4 0-1

[Event "Druzynowe Mistrzostwa Polski II Liga"]
[Site "Szklarska Poreba"]
[Date "1899-12-30"]
[Round "3.25"]
[White "Sypien, Mateusz"]
[Black "Krzywda, Andrzej"]
[Result "1-0"]
[WhiteTitle "k"]
[BlackTitle "k"]
[WhiteElo "2250"]
[BlackElo "2186"]

1. e4 c5 2. Nf3 d6 3. d4 cxd4 4. Qxd4 Nf6 5. Bg5 Nc6 6. Qe3 Ng4 7. Qd2 Qb6 8. c3
h6 9. Bh4 g5 10. Bg3 Bg7 11. Na3 Be6 12. Nc4 Qc7 13. Ne3 Nxe3 14. Qxe3 O-O 15.
Bd3 a6 16. O-O b5 17. Nd4 Nxd4 18. cxd4 Qb6 19. e5 dxe5 20. Bxe5 Bxe5 21. Qxe5
Rfd8 22. Be4 Ra7 23. d5 Bc8 24. Rac1 Qd6 25. Qc3 Bd7 26. Qe3 Rc7 27. Rxc7 Qxc7
28. f4 g4 29. Bb1 Qd6 30. f5 Rc8 31. f6 exf6 32. Qxh6 Qc5+ 33. Kh1 f5 34. Qg5+
Kf8 35. Bxf5 Bxf5 36. Qxf5 Rc7 37. Qe5 Kg8 38. Qg5+ Kf8 39. Qd8+ Kg7 40. d6 Ra7
41. d7 Qc4 42. Qf6+ Kh7 43. d8=Q 1-0

[Event "Druzynowe Mistrzostwa Polski II Liga"]
[Site "Szklarska Poreba"]
[Date "1899-12-30"]
[Round "3.26"]
[White "Zgadzaj, Rafal"]
[Black "Sycz, Dariusz"]
[Result "0-1"]
[WhiteTitle "k"]
[BlackTitle "k"]
[WhiteElo "2099"]
[BlackElo "2182"]

1. c4 e5 2. Nc3 Nf6 3. g3 d5 4. cxd5 Nxd5 5. Bg2 Ne7 6. b4 g6 7. Bb2 Bg7 8. Qc2
Nbc6 9. b5 Nd4 10. Qa4 O-O 11. Nf3 Bg4 12. Nxd4 exd4 13. Ne4 Bxe2 14. Kxe2 d3+
15. Kd1 Bxb2 16. Rb1 Bd4 17. Rb3 Bb6 18. Qc4 Nf5 19. Rxd3 Qe7 20. Re1 Qe5 21.
Nc3 Nd6 22. Qh4 Qf5 23. Rf3 Qc5 24. Rd3 Qc4 25. Qxc4 Nxc4 26. Rd7 Bxf2 27. Re2
Bb6 28. Bxb7 Rad8 29. Ree7 Rxd7 30. Rxd7 Ne5 31. Re7 Ng4 32. Nd5 Bg1 33. h4 Bf2
34. Ke2 Bxg3 35. Kf3 Bxh4 36. Kxg4 Bxe7 37. Nxe7+ Kg7 38. Nc6 f5+ 39. Kf3 g5 40.
Nxa7 Rd8 41. Ke2 Rd4 42. Bc6 g4 43. a4 f4 44. a5 f3+ 45. Ke3 Rb4 46. Nc8 Rb3+
47. Kf2 h5 48. b6 h4 49. d3 Rxd3 50. b7 g3+ 51. Ke1 g2 52. Kf2 Rd1 53. b8=Q g1=Q+
54. Kxf3 Qf1+ 55. Ke4 Qd3+ 56. Kf4 Rf1+ 57. Ke5 Re1+ 58. Kf4 Qg3+ 59. Kf5 Re5#
0-1

[Event "Druzynowe Mistrzostwa Polski II Liga"]
[Site "Szklarska Poreba"]
[Date "1899-12-30"]
[Round "3.27"]
[White "Pulik, Krzysztof"]
[Black "Sztwiertnia, Jan Krzysztof"]
[Result "1-0"]
[WhiteTitle "k"]
[BlackTitle "k"]
[WhiteElo "2134"]
[BlackElo "2105"]

1. e4 e5 2. Nf3 Nc6 3. Bc4 Bc5 4. c3 Nf6 5. d3 a6 6. a4 d6 7. Bb3 O-O 8. Bg5 Qe7
9. Nbd2 Be6 10. Bc2 Ba7 11. h3 Rfe8 12. Qe2 Qf8 13. O-O Ne7 14. d4 Ng6 15. Rfe1
Nh5 16. Be3 Nhf4 17. Qf1 exd4 18. Nxd4 Qe7 19. N2f3 Qf6 20. Nxe6 fxe6 21. Bxa7
Rxa7 22. Re3 e5 23. g3 Ne6 24. a5 Kh8 25. Nh2 Raa8 26. h4 Rf8 27. Rf3 Qe7 28.
Rf5 Qd7 29. Ng4 Ne7 30. Rxf8+ Rxf8 31. Ne3 Nd8 32. Kg2 Qe6 33. Qe2 Qf7 34. Rf1
Ndc6 35. b4 Qe6 36. Bd3 Qb3 37. Rc1 Qf7 38. Rf1 Qb3 39. Qd2 Qf7 40. f3 Qh5 41.
Bc4 g5 42. g4 Qg6 43. Nf5 gxh4 44. Rh1 Qf6 45. Nxh4 Nd8 46. Nf5 Nxf5 47. gxf5
Nf7 48. Kf2 Ng5 49. Ke3 c6 50. Qg2 d5 51. Bb3 h6 52. Qg4 Rd8 53. Qh5 Kg7 54. Rd1
Rd6 55. Rd3 dxe4 56. fxe4 Rxd3+ 57. Kxd3 Qd6+ 58. Kc2 Kf8 59. Be6 Nxe6 60. Qxh6+
Ke8 61. fxe6 Ke7 62. Qg7+ Kxe6 63. Qxb7 c5 64. Qc8+ Kf6 65. bxc5 Qe7 66. Qxa6+
Kg5 67. Qd6 Qg7 68. c6 Kf4 69. c7 Qh8 70. Qd8 Qh1 71. c8=Q 1-0

[Event "Druzynowe Mistrzostwa Polski II Liga"]
[Site "Szklarska Poreba"]
[Date "1899-12-30"]
[Round "3.28"]
[White "Malecki, Rafal"]
[Black "Skomial, Mateusz"]
[Result "1/2-1/2"]
[WhiteTitle "k+"]
[BlackTitle "I++"]
[WhiteElo "2006"]
[BlackElo "2039"]

1. e4 e5 2. f4 d5 3. exd5 exf4 4. Nf3 Nf6 5. Bc4 Bd6 6. O-O O-O 7. Nc3 Bg4 8. d4
Nbd7 9. Qd3 Bh5 10. Nb5 Bg6 11. Qb3 Nb6 12. Nxd6 Qxd6 13. Ne5 Nxc4 14. Qxc4 Nxd5
15. Bxf4 Nxf4 16. Rxf4 b5 17. Qb3 Rad8 18. Raf1 a6 19. c3 Qe7 20. Kh1 Rd6 21.
h3 Qe6 22. Qa3 f6 23. Nxg6 hxg6 24. Qa5 Rd7 25. b3 Re8 26. Qb4 Qd6 27. Qxd6 cxd6
28. d5 Rc7 29. c4 bxc4 30. Rxc4 Rxc4 31. bxc4 Re2 32. Rb1 Rxa2 33. Rb6 Rc2 1/2-1/2